[Event "36th Reykjavik op"]
[Site "Reykjavik ISL"]
[Date "2023.03.29"]
[Round "1.101"]
[White "Yeo, Ruizhi Carwyn"]
[Black "Andersson, Christer"]
[WhiteElo "1963"]
[BlackElo "1659"]
[Result "1-0"]
[EventDate "2023.03.29"]
[PlyCount "81"]

1. e4 e5 2. Nf3 Nc6 3. Bc4 Nf6 4. Nc3 Be7 5. O-O d6 6. h3 Na5 7. Be2 c5 8. d3 h6
9. a3 Nc6 10. Rb1 a5 11. Nd5 O-O 12. Bd2 Nxd5 13. exd5 Nd4 14. b4 Nxe2+ 15. Qxe2
cxb4 16. axb4 b6 17. Bc3 Bf5 18. Rb3 Qc7 19. Rfb1 Rab8 20. Ba1 Rfc8 21. c4 Bf6 22.
Bc3 Kh7 23. Ne1 Re8 24. Qb2 Bd8 25. f3 Bh4 26. Kh2 b5 27. g3 bxc4 28. dxc4 Bxb1 29.
Qxb1+ g6 30. gxh4 axb4 31. Rxb4 Rxb4 32. Qxb4 e4 33. Bb2 exf3 34. Qc3 f5 35. Nxf3
Qe7 36. Kg3 g5 37. hxg5 hxg5 38. Qf6 f4+ 39. Kg4 Qxf6 40. Bxf6 Re4 41. Nxg5+  1-0

[Event "36th Reykjavik op"]
[Site "Reykjavik ISL"]
[Date "2023.03.29"]
[Round "1.102"]
[White "Bryant, Harry"]
[Black "Gudmundsson, Gunnar Erik"]
[WhiteElo "1652"]
[BlackElo "1961"]
[Result "1/2-1/2"]
[EventDate "2023.03.29"]
[PlyCount "71"]

1. e4 c5 2. Nf3 Nc6 3. d4 cxd4 4. Nxd4 Nf6 5. Nc3 e5 6. Ndb5 d6 7. Bg5 a6 8. Na3
b5 9. Nd5 Be7 10. Bxf6 Bxf6 11. c3 O-O 12. Nc2 Rb8 13. a4 bxa4 14. Ncb4 Nxb4 15.
cxb4 Bb7 16. Rxa4 Bxd5 17. Qxd5 Qc7 18. Bc4 Rb6 19. O-O Rfb8 20. b3 Rxb4 21. Rxa6
R4b6 22. Rfa1 g6 23. Rxb6 Rxb6 24. Ra8+ Kg7 25. g3 Qd7 26. Qa5 Rb7 27. Ra6 Bd8 28.
Qd5 Bb6 29. b4 Qc7 30. Kg2 Ra7 31. Rxa7 Bxa7 32. b5 Bc5 33. f4 Bd4 34. g4 Be3 35.
fxe5 dxe5 36. Qc6  1/2-1/2

[Event "36th Reykjavik op"]
[Site "Reykjavik ISL"]
[Date "2023.03.29"]
[Round "1.103"]
[White "Koschetzki, Christian"]
[Black "Morris, Simon"]
[WhiteElo "1960"]
[BlackElo "1648"]
[Result "1-0"]
[EventDate "2023.03.29"]
[PlyCount "49"]

1. Nf3 d5 2. d4 Nf6 3. c4 c6 4. cxd5 cxd5 5. Nc3 Nc6 6. Bf4 a6 7. h3 e6 8. e3 Bb4
9. Bd3 O-O 10. O-O h6 11. Rc1 Bd7 12. a3 Be7 13. Qe2 Na7 14. e4 dxe4 15. Nxe4 Nd5
16. Bd2 Bc6 17. Ne5 Rc8 18. Nc5 Nb5 19. Nxc6 Rxc6 20. Nxb7 Nxd4 21. Qe4 Nf6 22. Nxd8
Nxe4 23. Nxc6 Nxd2 24. Nxe7+ Kh8 25. Rfd1  1-0

[Event "36th Reykjavik op"]
[Site "Reykjavik ISL"]
[Date "2023.03.29"]
[Round "1.104"]
[White "Qiu, Andrew Yu"]
[Black "Biedenkopf, Philipp"]
[WhiteElo "1646"]
[BlackElo "1959"]
[Result "0-1"]
[EventDate "2023.03.29"]
[PlyCount "160"]

1. e4 c5 2. Nf3 e6 3. d4 cxd4 4. Nxd4 a6 5. Nc3 Qc7 6. a3 b5 7. Be3 Bb7 8. Bd3 Nf6
9. O-O d6 10. f4 Nbd7 11. Nb3 Be7 12. Qe2 O-O 13. h3 Rac8 14. g4 d5 15. e5 Ne4 16.
Bxe4 dxe4 17. Rf2 Rfd8 18. Raf1 Bxa3 19. Nxb5 axb5 20. bxa3 Bd5 21. Ra1 Qc3 22. Rb1
Nf8 23. Kh2 Bc4 24. Qe1 Bxb3 25. Qxc3 Rxc3 26. Rxb3 Rxb3 27. cxb3 Rd3 28. Bc5 e3
29. Rf1 Ng6 30. Re1 e2 31. Rxe2 Rxh3+ 32. Kxh3 Nxf4+ 33. Kh2 Nxe2 34. a4 bxa4 35.
bxa4 Nc3 36. a5 Nd5 37. Bd6 f6 38. a6 Kf7 39. a7 Nb6 40. Bc7 Na8 41. Bd6 h6 42. Kg3
f5 43. Kh4 g6 44. g5 h5 45. Kg3 Ke8 46. Kf4 Kd7 47. Bc5 Kc6 48. Bf2 Kb7 49. Kf3 Nc7
50. Ke2 Nb5 51. a8=Q+ Kxa8 52. Kd3 Kb7 53. Kc4 Kc6 54. Bg3 Nc7 55. Bf2 Nd5 56. Bg3
Nb6+ 57. Kd4 Kb5 58. Bf2 Nd7 59. Bh4 Nb8 60. Ke3 Kc4 61. Kf4 Kd3 62. Bf2 Nc6 63.
Bc5 Nd4 64. Bb6 Ne2+ 65. Kf3 Nc3 66. Be3 Kc4 67. Bd2 Nb5 68. Bc1 Kd5 69. Bb2 Na7
70. Kf4 Nc6 71. Bc3 h4 72. Be1 h3 73. Kg3 Ke4 74. Kxh3 Nxe5 75. Bc3 Nf7 76. Bf6 Kf3
77. Kh4 e5 78. Kh3 e4 79. Kh2 Kg4 80. Kg2 Nxg5  0-1

[Event "36th Reykjavik op"]
[Site "Reykjavik ISL"]
[Date "2023.03.29"]
[Round "1.105"]
[White "Rice, Chris"]
[Black "Arian, Tomer"]
[WhiteElo "1952"]
[BlackElo "1644"]
[Result "1/2-1/2"]
[EventDate "2023.03.29"]
[PlyCount "144"]

1. d4 Nf6 2. Nf3 d5 3. c4 e6 4. cxd5 exd5 5. Nc3 c6 6. Bg5 Bd6 7. Qc2 h6 8. Bh4 O-O
9. e3 Re8 10. Bd3 Nbd7 11. O-O Qc7 12. Rfc1 a6 13. Rab1 g5 14. Bg3 Bxg3 15. hxg3
Kg7 16. b4 Rh8 17. a4 Nf8 18. b5 axb5 19. axb5 Ne6 20. bxc6 Qxc6 21. Ne5 Qe8 22.
Rb5 Nc7 23. Rb6 h5 24. Bf5 Ne6 25. Rcb1 h4 26. g4 h3 27. g3 Ra6 28. Kh2 Qd8 29. R6b5
Rh6 30. Nf3 Rc6 31. Ne5 Ra6 32. Qb3 Nc7 33. Rb4 Ne6 34. Qc2 Qe7 35. R4b3 Qd8 36.
Qb2 Qa5 37. Rb5 Qd8 38. Ra1 Nc7 39. Rxa6 bxa6 40. Rb8 Ne6 41. Qb3 Qc7 42. f4 Rh8
43. Rb6 a5 44. Rc6 Qe7 45. fxg5 Nd7 46. Nf3 Nxd4 47. Nxd4 Qxe3 48. Qb2 Qxd4 49. Nd1
Qxb2+ 50. Nxb2 d4 51. Rc7 Nb6 52. g6 Bxf5 53. Rxf7+ Kxg6 54. Rxf5 Ra8 55. Rb5 Ra6
56. Rb3 Kg5 57. Kxh3 a4 58. Ra3 Ra8 59. Nd3 Rh8+ 60. Kg2 Kxg4 61. Nc5 Rc8 62. Nxa4
Ra8 63. Rb3 Rxa4 64. Rxb6 Ra2+ 65. Kf1 Kxg3 66. Rd6 Ra4 67. Ke2 Kf4 68. Kd3 Ke5 69.
Rd8 Ra3+ 70. Kd2 Ke4 71. Re8+ Kd5 72. Rd8+ Ke4  1/2-1/2

[Event "36th Reykjavik op"]
[Site "Reykjavik ISL"]
[Date "2023.03.29"]
[Round "1.106"]
[White "Stuart, Brian"]
[Black "Arndt, Uwe"]
[WhiteElo "1642"]
[BlackElo "1940"]
[Result "0-1"]
[EventDate "2023.03.29"]
[PlyCount "70"]

1. e4 c6 2. d4 d5 3. Nc3 dxe4 4. Nxe4 Bf5 5. Ng3 Bg6 6. Nf3 h6 7. Ne5 Bh7 8. Bc4
e6 9. O-O Nf6 10. Re1 Be7 11. c3 b5 12. Bb3 Nd5 13. a4 O-O 14. axb5 cxb5 15. Qg4
f5 16. Qe2 b4 17. c4 Nc7 18. Rd1 Bd6 19. f4 Bxe5 20. fxe5 Nd7 21. d5 Nc5 22. Qe3
N7a6 23. Ne2 Qb6 24. Bc2 b3 25. Bb1 Nb4 26. d6 Nc2 27. Bxc2 bxc2 28. Rf1 Nd3 29.
Qxb6 axb6 30. Rxa8 Rxa8 31. Nd4 Nxe5 32. Nxc2 Nxc4 33. b3 Nxd6 34. Bf4 Nf7 35. Bc7
Rc8  0-1

[Event "36th Reykjavik op"]
[Site "Reykjavik ISL"]
[Date "2023.03.29"]
[Round "1.107"]
[White "Kolka, David"]
[Black "Eriksen, Leander"]
[WhiteElo "1940"]
[BlackElo "1637"]
[Result "1-0"]
[EventDate "2023.03.29"]
[PlyCount "77"]

1. e4 e5 2. Nf3 Nc6 3. Bb5 a6 4. Bxc6 dxc6 5. O-O Bg4 6. h3 Bxf3 7. Qxf3 Bc5 8. d3
Qf6 9. Qxf6 Nxf6 10. Nd2 O-O-O 11. Nc4 Nd7 12. a4 f6 13. Be3 Bxe3 14. Nxe3 Nc5 15.
f4 exf4 16. Rxf4 Ne6 17. Rf2 Nd4 18. Nf5 Nxf5 19. Rxf5 Rhe8 20. g4 Re7 21. Raf1 Rde8
22. h4 Re5 23. g5 fxg5 24. hxg5 Kd7 25. Kg2 g6 26. Rxe5 Rxe5 27. Rf7+ Re7 28. Rxe7+
Kxe7 29. b4 b6 30. d4 Kd6 31. Kf3 c5 32. dxc5+ bxc5 33. b5 a5 34. Kf4 c4 35. Ke3
Ke6 36. Kd4 c3 37. Kxc3 Ke5 38. Kd3 Kf4 39. c4  1-0

[Event "36th Reykjavik op"]
[Site "Reykjavik ISL"]
[Date "2023.03.29"]
[Round "1.108"]
[White "Hauksson, Helgi"]
[Black "Kristinsson, Ogmundur"]
[WhiteElo "1637"]
[BlackElo "1937"]
[Result "0-1"]
[EventDate "2023.03.29"]
[PlyCount "38"]

1. d4 e5 2. dxe5 d6 3. Nf3 Nc6 4. e4 Bg4 5. Bg5 Bxf3 6. Bxd8 Bxd1 7. Bxc7 Bxc2 8.
exd6 Bxe4 9. Nc3 Nf6 10. f3 Bf5 11. O-O-O g6 12. Re1+ Kd7 13. Bb5 Bxd6 14. Bxd6 Kxd6
15. Rd1+ Kc7 16. g4 Be6 17. h4 Rad8 18. Bd3 Nb4 19. Bb1 a6  0-1

[Event "36th Reykjavik op"]
[Site "Reykjavik ISL"]
[Date "2023.03.29"]
[Round "1.109"]
[White "Ragnarsson, Johann"]
[Black "Helgadottir, Idunn"]
[WhiteElo "1929"]
[BlackElo "1636"]
[Result "1-0"]
[EventDate "2023.03.29"]
[PlyCount "29"]

1. d4 Nf6 2. c4 e6 3. Nc3 d5 4. Nf3 Be7 5. Bf4 O-O 6. e3 c6 7. c5 Nbd7 8. b4 Re8
9. h3 b6 10. Bd3 a5 11. a3 Ba6 12. Bxa6 Rxa6 13. b5 cxb5 14. c6 Nb8 (14... Nf8 15.
Nxb5 e5 16. Nxe5 Ne6 17. Bh2 Ra8 18. Nd3 Rc8 19. Rc1 Ne4 20. Qb3 Nd6 21. O-O Nxb5
22. Qxb5 Bxa3 23. c7 Qe7 24. Rc6 Bb4 25. Qxb6 Ra8 26. Qb7 Rec8 27. Ra1 Ba3 28. Ra6
Qf8 29. Rxa8 Rxa8 30. Rxa3 Qxa3 31. Qxa8+ Nf8 32. Bd6 Qxd6 33. c8=Q) 15. Nxb5  1-0

[Event "36th Reykjavik op"]
[Site "Reykjavik ISL"]
[Date "2023.03.29"]
[Round "1.110"]
[White "Vander Zwalmen, Miranda"]
[Black "Jansen, Jesper Billeskov"]
[WhiteElo "1625"]
[BlackElo "1928"]
[Result "1/2-1/2"]
[EventDate "2023.03.29"]
[PlyCount "39"]

1. e4 c5 2. Nc3 Nc6 3. g3 g6 4. Bg2 Bg7 5. d3 d6 6. Nge2 e6 7. O-O Rb8 8. Bd2 Nge7
9. Qc1 h5 10. h4 b5 11. Rb1 b4 12. Nd1 a5 13. b3 Ba6 14. Nb2 Ne5 15. Bg5 Qc7 16.
Qf4 O-O 17. Bh6 Ng4 18. Bxg7 Kxg7 19. Nc4 Ne5 20. Rbd1  1/2-1/2

[Event "36th Reykjavik op"]
[Site "Reykjavik ISL"]
[Date "2023.03.29"]
[Round "1.111"]
[White "Hartmann, Wolfgang"]
[Black "Lien, Sebastian"]
[WhiteElo "1925"]
[BlackElo "1618"]
[Result "1-0"]
[EventDate "2023.03.29"]
[PlyCount "137"]

1. d4 Nf6 2. Nf3 b6 3. e3 Bb7 4. Bd3 e6 5. Nbd2 d5 6. O-O Be7 7. b3 O-O 8. Bb2 Ne4
9. c4 Nxd2 10. Qxd2 dxc4 11. bxc4 Bxf3 12. gxf3 Bd6 13. e4 Qh4 14. e5 Be7 15. Qe2
Bg5 16. Bc1 Bxc1 17. Raxc1 Nc6 18. d5 Qg5+ 19. Kh1 Nxe5 20. Be4 f5 21. Bb1 Qf4 22.
Rc3 exd5 23. cxd5 Rad8 24. Re1 Rxd5 25. Bc2 Nf7 26. Bb3 Rc5 27. Rxc5 bxc5 28. Bxf7+
Rxf7 29. Qe8+ Rf8 30. Qe6+ Kh8 31. Qe7 Qd6 32. Kg2 c4 33. Qe2 c3 34. Rc1 Qd2 35.
Qe7 Ra8 36. Qa3 Re8 37. Qxc3 Qxa2 38. Ra1 Qf7 39. Rxa7 Qg6+ 40. Kf1 c6 41. Rc7 Qh6
42. Kg2 Qg5+ 43. Kf1 Rd8 44. Rxc6 h6 45. Rc8 Rxc8 46. Qxc8+ Kh7 47. Qe6 Qh5 48. Kg2
Qg6+ 49. Qxg6+ Kxg6 50. f4 Kh5 51. Kg3 Kg6 52. Kh4 Kh7 53. Kg3 g6 54. h4 h5 55. Kf3
Kg7 56. Ke3 Kf6 57. Kd4 Ke6 58. Kc5 Kf7 59. Kd5 Kf6 60. Kd6 Kf7 61. Kd7 Kg7 62. Ke7
Kg8 63. Kf6 Kh7 64. Kf7 Kh6 65. Kg8 g5 66. fxg5+ Kg6 67. f3 f4 68. Kh8 Kf5 69. Kh7
 1-0

[Event "36th Reykjavik op"]
[Site "Reykjavik ISL"]
[Date "2023.03.29"]
[Round "1.112"]
[White "Lopez Garcia, Carlos"]
[Black "Kee, Steve"]
[WhiteElo "1616"]
[BlackElo "1919"]
[Result "0-1"]
[EventDate "2023.03.29"]
[PlyCount "30"]

1. e4 c5 2. Nc3 Nc6 3. f4 e6 4. Nf3 d5 5. Bb5 a6 6. Bxc6+ bxc6 7. d3 Nf6 8. O-O Be7
9. Qe1 O-O 10. Na4 a5 11. b3 dxe4 12. dxe4 c4 13. Bb2 Ba6 14. Rf2 Qc7 15. Ne5 (15.
Be5 Qa7 16. Bd4 c5 17. Bc3 cxb3 18. cxb3 c4 19. Bd4 Qb7 20. bxc4 Nxe4 21. Rb2 Qc6
22. Nb6 Rad8 23. Ne5 Qc7 24. Nbd7 Rfe8 (24... Nc5 25. Qg3 f6 26. Nxf8 Rxd4 27. Nxe6
Nxe6 28. Nf3 Rxc4 29. Re1 Rc1 30. Rb1 Rxb1 31. Rxb1 Nxf4 32. Qe1 Bb7 33. Qd1 Qc5+
34. Kh1 Qf2 35. Qb3+ Kf8 36. Rg1 Bxf3 37. Qxf3 Qxf3 38. gxf3 a4 39. Ra1 (39. Rd1
a3 40. Rd2 f5 41. Kg1 Kf7 42. Kf1 h5 43. Rd4 Ne6 44. Rc4 g5 45. h3 h4 46. Kg2 Bf6
47. Rc6 Bb2 48. Rc4 Nf4+ 49. Kh2 Nd3 50. Kg2 Nc1)) ) 15... Qa7  0-1

[Event "36th Reykjavik op"]
[Site "Reykjavik ISL"]
[Date "2023.03.29"]
[Round "1.113"]
[White "Schaefer, Kay"]
[Black "Adams, George"]
[WhiteElo "1919"]
[BlackElo "1604"]
[Result "1/2-1/2"]
[EventDate "2023.03.29"]
[PlyCount "118"]

1. e4 c5 2. Nc3 Nc6 3. Bb5 Nd4 4. Bc4 e6 5. Nge2 Nf6 6. O-O a6 7. a4 d5 8. exd5 exd5
9. Nxd5 Nxd5 10. Nxd4 cxd4 11. Qh5 Be6 12. Re1 Be7 13. Rxe6 Nf4 14. Rxe7+ Qxe7 15.
Qf3 Ng6 16. Bf1 O-O 17. b3 Rac8 18. Ba3 Qc7 19. Bxf8 Kxf8 20. Rc1 Qe7 21. c4 Rc6
22. d3 Nh4 23. Qd1 Qg5 24. Rc2 Rh6 25. f3 Nf5 26. Re2 Qh5 27. h3 Qg5 28. Qe1 Ne3
29. Qb4+ Kg8 30. Qxb7 f6 31. Qc8+ Kf7 32. Qd7+ Kg6 33. Qxd4 Nxf1 34. Kxf1 Rh4 35.
Qe3 Qg3 36. Qf2 Qg5 37. Qe1 f5 38. Qd2 Qf6 39. Qe3 Rd4 40. Qe6 Rxd3 41. Qxf6+ Kxf6
42. Rb2 Rc3 43. Ke2 Ke5 44. b4 Rxc4 45. b5 axb5 46. axb5 Rc7 47. b6 Rb7 48. g3 Kd4
49. h4 g6 50. f4 Kc3 51. Rb1 Kc2 52. Rb5 Kc3 53. Rc5+ Kd4 54. Rc6 Kd5 55. Rf6 Kc5
56. Kd3 Rd7+ 57. Kc3 Rb7 58. Kb3 Rxb6+ 59. Rxb6 Kxb6  1/2-1/2

[Event "36th Reykjavik op"]
[Site "Reykjavik ISL"]
[Date "2023.03.29"]
[Round "1.114"]
[White "Bajoghli, Navid"]
[Black "Doran, Chris"]
[WhiteElo "1598"]
[BlackElo "1918"]
[Result "0-1"]
[EventDate "2023.03.29"]
[PlyCount "74"]

1. d4 Nf6 2. c4 g6 3. Nc3 Bg7 4. e4 d6 5. h3 O-O 6. Be3 e5 7. d5 a5 8. g4 Na6 9.
Nge2 c6 10. Ng3 cxd5 11. cxd5 Nc5 12. Qd2 Bd7 13. g5 Ne8 14. h4 Rb8 15. h5 b5 16.
f3 b4 17. Nd1 f5 18. gxf6 Qxf6 19. Be2 Nc7 20. hxg6 hxg6 21. Nf2 Nb5 22. Nd3 Nxd3+
23. Qxd3 Nd4 24. Bxd4 exd4 25. Kf2 Bb5 26. Qd2 d3 27. Bd1 Qxb2 28. Qxb2 Bxb2 29.
Rb1 Bd4+ 30. Kg2 Rbc8 31. Nf1 Rc3 32. Nd2 Ra3 33. Bb3 Rc8 34. Rhc1 Rxc1 35. Rxc1
a4 36. Nc4 axb3 37. Nxa3 bxa3  0-1

[Event "36th Reykjavik op"]
[Site "Reykjavik ISL"]
[Date "2023.03.29"]
[Round "1.115"]
[White "Geyler, Stefan"]
[Black "Texe, Eirik"]
[WhiteElo "1915"]
[BlackElo "1592"]
[Result "1/2-1/2"]
[EventDate "2023.03.29"]
[PlyCount "127"]

1. e4 c5 2. Nf3 d6 3. d4 cxd4 4. Qxd4 Nc6 5. Qe3 g6 6. h3 Bg7 7. Be2 Nf6 8. O-O O-O
9. c4 a5 10. Nc3 a4 11. Rb1 Nd7 12. Rd1 Nc5 13. Bd2 f5 14. exf5 Bxf5 15. Rbc1 Qb6
16. g4 Be6 17. Ne4 Ne5 18. Nxc5 Qxc5 19. Qxc5 dxc5 20. Nxe5 Bxe5 21. Be3 Bf4 22.
Rc2 b5 23. cxb5 Bxa2 24. Bd2 Bb3 25. Bc4+ Bxc4 26. Rxc4 Rad8 27. Rc2 Rd3 28. Kf1
Rfd8 29. Ke2 Kf7 30. b6 Bxd2 31. Rdxd2 Rxd2+ 32. Rxd2 Rb8 33. Kd3 Rxb6 34. Kc4 Rb3
35. Kxc5 Rxh3 36. Kb4 Rf3 37. Kxa4 Rf4+ 38. b4 Rxg4 39. Ka5 Rg1 40. Rb2 Ra1+ 41.
Kb6 h5 42. b5 h4 43. Kc7 h3 44. f3 Rh1 45. b6 h2 46. Rc2 Rb1 47. Rxh2 Rc1+ 48. Kb8
Rb1 49. b7 Rb3 50. Rc2 Rxf3 51. Kc7 Rb3 52. b8=Q Rxb8 53. Kxb8 g5 54. Kc7 Ke6 55.
Re2+ Kf5 56. Rxe7 g4 57. Kc6 g3 58. Kd5 Kf4 59. Rg7 Kf3 60. Kd4 g2 61. Kd3 Kf2 62.
Rf7+ Ke1 63. Rg7 Kf2 64. Rf7+  1/2-1/2

[Event "36th Reykjavik op"]
[Site "Reykjavik ISL"]
[Date "2023.03.29"]
[Round "1.116"]
[White "Heidarsson, Mikael Bjarki"]
[Black "Goh, Jinghan Cameron"]
[WhiteElo "1591"]
[BlackElo "1899"]
[Result "1/2-1/2"]
[EventDate "2023.03.29"]
[PlyCount "80"]

1. d4 Nf6 2. c4 e6 3. Nc3 c5 4. d5 exd5 5. cxd5 d6 6. e4 g6 7. Bf4 Bg7 8. Qa4+ Bd7
9. Qb3 Qc7 10. Nf3 O-O 11. Bd3 Re8 12. O-O b5 13. Nxb5 Bxb5 14. Qxb5 Nbd7 15. Qc4
Rab8 16. Qc2 Nxe4 17. Bxe4 Rxb2 18. Qa4 Rb4 19. Qc6 Qxc6 20. dxc6 Nf6 21. Bxd6 Nxe4
22. Rad1 Rb6 23. Bf4 Rxc6 24. Rfe1 Nf6 25. Rxe8+ Nxe8 26. g3 f6 27. Rc1 Bf8 28. Nd4
Ra6 29. Nb3 Rxa2 30. Nxc5 Kf7 31. Ne4 Bb4 32. Kg2 a5 33. h4 Ra3 34. Rc6 Rd3 35. Ra6
Rd7 36. Kf3 Ke7 37. Ke2 Rd4 38. Nd2 Nd6 39. Nb3 Rd5 40. Nxa5 Bxa5  1/2-1/2

[Event "36th Reykjavik op"]
[Site "Reykjavik ISL"]
[Date "2023.03.29"]
[Round "1.117"]
[White "Dasgupta, Avyukt"]
[Black "Yedid, Lior"]
[WhiteElo "1896"]
[BlackElo "1586"]
[Result "1/2-1/2"]
[EventDate "2023.03.29"]
[PlyCount "78"]

1. d4 Nf6 2. Bf4 g6 3. e3 Bg7 4. Nf3 O-O 5. Be2 d6 6. c4 Nbd7 7. Nc3 b6 8. a4 a5
9. O-O Bb7 10. Qc2 e6 11. h3 Qe7 12. Nd2 e5 13. Bg5 Rac8 14. f4 exf4 15. Bxf4 Rfe8
16. Rae1 Nf8 17. Bg5 h6 18. Bxf6 Bxf6 19. Bf3 Bxf3 20. Nxf3 Bg7 21. Qd2 Nd7 22. b3
c5 23. Nd5 Qe4 24. Qf2 f5 25. Qg3 g5 26. Qxd6 Rcd8 27. Nd2 Qe6 28. Qxe6+ Rxe6 29.
dxc5 Nxc5 30. Rb1 Rf8 31. Nf3 Ne4 32. Rfd1 Nc3 33. Nxc3 Bxc3 34. Rd3 Bb4 35. Nd4
Re4 36. Kf2 Bc5 37. Kf3 h5 38. g4 Bxd4 39. Rxd4 Rxd4  1/2-1/2

[Event "36th Reykjavik op"]
[Site "Reykjavik ISL"]
[Date "2023.03.29"]
[Round "1.118"]
[White "Danielsson, Grimur"]
[Black "Dishman, Matthew"]
[WhiteElo "1570"]
[BlackElo "1896"]
[Result "1/2-1/2"]
[EventDate "2023.03.29"]
[PlyCount "102"]

1. Nf3 Nf6 2. e3 c5 3. d4 e6 4. c4 cxd4 5. exd4 d5 6. a3 Be7 7. Nc3 O-O 8. Be2 a6
9. cxd5 Nxd5 10. Ne5 Nxc3 11. bxc3 Nd7 12. Nd3 Qc7 13. Qb3 b5 14. Bf4 Bd6 15. Bxd6
Qxd6 16. Bf3 Rb8 17. O-O Bb7 18. Bxb7 Rxb7 19. Qb4 Qd5 20. Rfe1 Rc8 21. Rac1 Rbc7
22. Qb2 Rc4 23. Re3 h6 24. h3 a5 25. Ne5 Nb6 26. Rb1 Ra4 27. Qxb5 Qxb5 28. Rxb5 Nd5
29. Rf3 f6 30. c4 Nc7 31. Nc6 Nxb5 32. Ne7+ Kh7 33. Nxc8 Nxd4 34. Rd3 Rxc4 35. Nd6
Rc1+ 36. Kh2 e5 37. f4 a4 38. fxe5 fxe5 39. Nf7 Nc6 40. Re3 Rc5 41. Re4 Kg6 42. Nd6
Nd4 43. Rg4+ Kh7 44. Nf7 Ra5 45. Nxe5 Nb5 46. Nc4 Ra6 47. Nb2 Nxa3 48. Rxa4 Rxa4
49. Nxa4 g5 50. Kg3 Kg6 51. h4 gxh4+  1/2-1/2

[Event "36th Reykjavik op"]
[Site "Reykjavik ISL"]
[Date "2023.03.29"]
[Round "1.119"]
[White "Gregersen, Einar"]
[Black "Saliba, Karl"]
[WhiteElo "1894"]
[BlackElo "1570"]
[Result "1-0"]
[EventDate "2023.03.29"]
[PlyCount "37"]

1. e4 e5 2. Nf3 Nc6 3. Bb5 a6 4. Ba4 Nf6 5. O-O b5 6. Bb3 Bc5 7. d3 d6 8. a4 Rb8
9. axb5 axb5 10. h3 h6 11. Nc3 g5 12. Ne2 g4 13. hxg4 Bxg4 14. Nh2 Qd7 15. Be3 Bxe3
16. fxe3 Ke7 17. Qe1 Rhg8 18. Qh4 Rg6 19. Rxf6  1-0

[Event "36th Reykjavik op"]
[Site "Reykjavik ISL"]
[Date "2023.03.29"]
[Round "1.120"]
[White "Zamvar, Vipin"]
[Black "Omarsson, Adam"]
[WhiteElo "1569"]
[BlackElo "1890"]
[Result "0-1"]
[EventDate "2023.03.29"]
[PlyCount "16"]

1. d4 Nf6 2. Bf4 g6 3. Nf3 Bg7 4. c4 O-O 5. Nc3 d6 6. e4 c5 7. dxc5 Qa5 8. Nd2 Qb4
(8... Qxc5 9. Be2 Nc6 10. Nb3 Qb6 11. Qd2 (11. Be3 Qd8) 11... Qb4 12. O-O Re8 13.
Qc2 Qb6 14. Be3 Qd8 15. Rad1 b6 16. h3 Bb7 17. g4 Nb4 18. Qd2 a5 19. a3 Na6 20. f3
Nd7 21. Nd5 a4 22. Nd4 e6 23. Nc3 Qh4 24. Kh2 Nac5 25. Bg5 Be5+ 26. Bf4 Bxf4+ 27.
Qxf4 e5 28. Nf5 gxf5 29. Qxf5 Ne6 (29... Re6 30. g5 Nf8 31. Nb5 Rd8 32. Nc7 Rg6 33.
f4 Bc8) 30. g5 Ndf8 31. Nb5)  0-1

[Event "36th Reykjavik op"]
[Site "Reykjavik ISL"]
[Date "2023.03.29"]
[Round "1.122"]
[White "Banerjee, Sanjoy K"]
[Black "Miettinen, Teemu"]
[WhiteElo "1566"]
[BlackElo "1884"]
[Result "0-1"]
[EventDate "2023.03.29"]
[PlyCount "74"]

1. d4 Nf6 2. c4 c5 3. d5 g6 4. Nc3 Bg7 5. Nf3 d6 6. e4 O-O 7. Be2 e5 8. Bg5 h6 9.
Bd2 Ne8 10. Bd3 f5 11. exf5 gxf5 12. Bc2 Nd7 13. Qc1 Qf6 14. Ne2 a6 15. a4 b6 16.
Bc3 Qe7 17. g3 Rf7 18. Nh4 Nf8 19. Qe3 Rb8 20. O-O-O b5 21. axb5 axb5 22. cxb5 Nc7
23. Ba4 Bd7 24. f4 e4 25. Bxg7 Rxg7 26. Nc3 Qf6 27. Qe2 Na8 28. Ng2 Nb6 29. Qc2 Be8
30. Ne3 Nxa4 31. Qxa4 Rgb7 32. Nc4 Bxb5 33. Nxb5 Rxb5 34. Rd2 Rb4 35. Qa6 Qd8 36.
Na3 Ra8 37. Qc6 Rb6  0-1

[Event "36th Reykjavik op"]
[Site "Reykjavik ISL"]
[Date "2023.03.29"]
[Round "1.123"]
[White "Haraldsson, Haraldur"]
[Black "Grubauer, Gerhard"]
[WhiteElo "1882"]
[BlackElo "1564"]
[Result "1-0"]
[EventDate "2023.03.29"]
[PlyCount "65"]

1. e4 d6 2. d4 e5 3. Nf3 exd4 4. Nxd4 Nf6 5. Nc3 Bd7 6. Be2 Nc6 7. Be3 a6 8. O-O
Be7 9. f4 Nxd4 10. Bxd4 c5 11. Be3 Qc7 12. a4 O-O 13. Bf3 Rad8 14. g4 Bc6 15. g5
Nd7 16. Nd5 Bxd5 17. Qxd5 Nb6 18. Qd3 Qd7 19. a5 Nc8 20. Rfd1 Qh3 21. Qe2 Qd7 22.
Bxc5 Qc6 23. Bd4 f6 24. gxf6 gxf6 25. Kh1 Kh8 26. Rg1 Rg8 27. c4 Rg6 28. Rxg6 hxg6
29. e5 d5 30. cxd5 Rxd5 31. exf6 Bxf6 32. Bxf6+ Qxf6 33. Bxd5  1-0

[Event "36th Reykjavik op"]
[Site "Reykjavik ISL"]
[Date "2023.03.29"]
[Round "1.124"]
[White "Chamadia, Avaan"]
[Black "Skarphedinsson, Ingvar Wu"]
[WhiteElo "1563"]
[BlackElo "1882"]
[Result "0-1"]
[EventDate "2023.03.29"]
[PlyCount "96"]

1. e4 e6 2. Nf3 d5 3. Nc3 Nf6 4. e5 Nfd7 5. d4 c5 6. Bg5 Qb6 7. dxc5 Bxc5 8. Qd2
Nc6 9. O-O-O O-O 10. Na4 Bb4 11. c3 Qa5 12. Qc2 Be7 13. b4 Qd8 14. Bf4 a6 15. Bd3
h6 16. h4 b5 17. Nb2 Bb7 18. Qd2 d4 19. Bc2 dxc3 20. Qxd7 cxb2+ 21. Kxb2 Rb8 22.
Be4 Nxb4 23. Bxb7 Qa5 24. a3 Nd5 25. Bxd5 Bxa3+ 26. Kc2 Rfd8 27. Qa7 Qa4+ 28. Kd2
Rxd5+ 29. Ke2 Qc4+ 30. Ke1 Rxd1+ 31. Kxd1 Rd8+ 32. Bd2 Qb3+ 33. Ke2 Qd3+ 34. Ke1
Qb1+ 35. Ke2 Qxh1 36. Qxa6 b4 37. Qb6 Rf8 38. g4 Qb1 39. g5 Qe4+ 40. Be3 Qc2+ 41.
Nd2 hxg5 42. hxg5 Bc1 43. Qxb4 Rd8 44. Qa5 Qd3+ 45. Ke1 Bxd2+ 46. Bxd2 Rd5 47. Qc3
Qe4+ 48. Be3 Qh1+  0-1

[Event "36th Reykjavik op"]
[Site "Reykjavik ISL"]
[Date "2023.03.29"]
[Round "1.125"]
[White "Krassel, Timofei"]
[Black "Kularatnam, Kaushalya"]
[WhiteElo "1880"]
[BlackElo "1563"]
[Result "1-0"]
[EventDate "2023.03.29"]
[PlyCount "45"]

1. Nf3 Nf6 2. d4 g6 3. c4 Bg7 4. Nc3 O-O 5. e4 d6 6. h3 c5 7. d5 e6 8. Bd3 exd5 9.
exd5 Re8+ 10. Be3 Nbd7 11. O-O Ne5 12. Nxe5 Rxe5 13. Bf4 Re7 14. g4 a6 15. Qf3 h5
16. gxh5 Nxh5 17. Bg5 f6 18. Bxg6 fxg5 19. Qxh5 Bf6 20. Ne4 Bxb2 21. Nxg5 Qc7 22.
Rae1 Rg7 23. Re8#  1-0

[Event "36th Reykjavik op"]
[Site "Reykjavik ISL"]
[Date "2023.03.29"]
[Round "1.126"]
[White "Shadrina, Eva"]
[Black "Cuvelier, Annelies"]
[WhiteElo "1563"]
[BlackElo "1875"]
[Result "1-0"]
[EventDate "2023.03.29"]
[PlyCount "91"]

1. e4 e5 2. Nf3 Nc6 3. Bb5 a6 4. Ba4 Nf6 5. O-O Be7 6. Re1 b5 7. Bb3 O-O 8. c3 d5
9. exd5 Nxd5 10. Nxe5 Nxe5 11. Rxe5 c6 12. Bxd5 cxd5 13. d4 Bd6 14. Re1 Qh4 15. g3
Qf6 16. Be3 Re8 17. Nd2 Qg6 18. Qf3 Be6 19. a3 Rad8 20. Qg2 Bc7 21. a4 b4 22. cxb4
Rb8 23. b3 Bd6 24. Rec1 Bxb4 25. Nf3 f6 26. Rc6 a5 27. Bf4 Rb7 28. Rac1 Qd3 29. h4
Qxb3 30. g4 Kh8 31. Rxe6 Rg8 32. h5 Qxa4 33. Nh4 g5 34. hxg6 Ba3 35. Rce1 Qxd4 36.
Be3 Qd3 37. g5 hxg6 38. gxf6 Rd7 39. Qh3 Rh7 40. f7 Rf8 41. Re8 d4 42. Qg3 dxe3 43.
R8xe3 Qa6 44. Nxg6+ Qxg6 45. Qxg6 Rg7 46. Rh3+  1-0

[Event "36th Reykjavik op"]
[Site "Reykjavik ISL"]
[Date "2023.03.29"]
[Round "1.127"]
[White "Finnsson, Johann Arnar"]
[Black "Jonatansson, Sigurdur Freyr"]
[WhiteElo "1874"]
[BlackElo "1551"]
[Result "1-0"]
[EventDate "2023.03.29"]
[PlyCount "67"]

1. c4 Nf6 2. g3 g6 3. Bg2 Bg7 4. e4 d6 5. Ne2 Nc6 6. Nbc3 Ne5 7. d4 Nxc4 8. Qa4+
Bd7 9. Qxc4 O-O 10. O-O a6 11. h3 Qc8 12. Kh2 b5 13. Qd3 Rb8 14. Bg5 b4 15. Bxf6
bxc3 16. Bxg7 cxb2 17. Bxf8 bxa1=Q 18. Rxa1 Kxf8 19. Qc3 f6 20. Rc1 c6 21. e5 d5
22. exf6 exf6 23. Nf4 Qb7 24. Qc5+ Kf7 25. Nxd5 Be6 26. Nf4 Bxa2 27. Qxc6 Qxc6 28.
Rxc6 Rb2 29. Rxa6 Rxf2 30. Ra7+ Kg8 31. Kg1 Rd2 32. Rxa2 Rxd4 33. Ra7 g5 34. Bd5+
 1-0